[Event "Mauricie op U2000"]
[Site "Trois-Rivieres CAN"]
[Date "2005.03.18"]
[Round "1"]
[White "Michaud, Gerald"]
[Black "Panayotov, Ivo"]
[Result "0-1"]
[WhiteElo "1996"]
[BlackElo "1892"]
[PlyCount "54"]
[GameId "2160767910965471"]
[EventDate "2005.03.18"]
[EventType "swiss"]
[EventRounds "5"]
[EventCountry "CAN"]
[SourceTitle "EXT 2006"]
[Source "ChessBase"]
[SourceDate "2005.11.24"]
[SourceVersion "1"]
[SourceVersionDate "2005.11.24"]
[SourceQuality "1"]

1. d4 d5 2. Nf3 Nf6 3. e3 Bf5 4. c4 e6 5. Nc3 c6 6. Qb3 Qc7 7. Bd2 Nbd7 8. Rc1 Rc8 9. Be2 Qb8 10. h3 h6 11. O-O g5 12. cxd5 exd5 13. Ne5 Nxe5 14. dxe5 Qxe5 15. f4 gxf4 16. Rxf4 Bd6 17. Qxb7 Rg8 18. Nb5 Bxh3 19. Nxd6+ Qxd6 20. g4 Rc7 21. Qb8+ Kd7 22. Bb4 Qxf4 23. exf4 Rxb8 24. Bc3 Nxg4 25. Bxg4+ Bxg4 26. Be5 Rcb7 27. Bxb8 Rxb8 0-1

[Event "Mauricie op U2000"]
[Site "Trois-Rivieres CAN"]
[Date "2005.03.18"]
[Round "1"]
[White "Morissette, Jean"]
[Black "Liard, Serge"]
[Result "1/2-1/2"]
[WhiteElo "1840"]
[BlackElo "1992"]
[PlyCount "60"]
[GameId "2160767910965472"]
[EventDate "2005.03.18"]
[EventType "swiss"]
[EventRounds "5"]
[EventCountry "CAN"]

1. d4 d5 2. c4 c6 3. Nc3 Nf6 4. Bg5 e6 5. e3 Qa5 6. Bh4 Bb4 7. Qc2 Ne4 8. Rc1 Qxa2 9. Bd3 Bxc3+ 10. bxc3 Qxc2 11. Rxc2 Nd6 12. c5 Nb5 13. Ne2 O-O 14. O-O Re8 15. Bg3 f6 16. Ra1 e5 17. Rb2 Nc7 18. f3 b5 19. cxb6 axb6 20. Rxa8 Nxa8 21. e4 Ba6 22. Bxa6 Nxa6 23. exd5 cxd5 24. Nc1 exd4 25. cxd4 Rc8 26. Ne2 Rc4 27. Rb5 N8c7 28. Bxc7 Nxc7 29. Rxb6 Kf7 30. Kf2 Ke7 1/2-1/2

[Event "Mauricie op U2000"]
[Site "Trois-Rivieres CAN"]
[Date "2005.03.19"]
[Round "2"]
[White "Deschesnes, Jean"]
[Black "Rondeau, Samuel"]
[Result "0-1"]
[WhiteElo "1723"]
[BlackElo "1811"]
[PlyCount "42"]
[GameId "2160767910965473"]
[EventDate "2005.03.18"]
[EventType "swiss"]
[EventRounds "5"]
[EventCountry "CAN"]
[SourceTitle "EXT 2006"]
[Source "ChessBase"]
[SourceDate "2005.11.24"]
[SourceVersion "1"]
[SourceVersionDate "2005.11.24"]
[SourceQuality "1"]

1. d4 f5 2. e4 fxe4 3. Nc3 Nf6 4. Bg5 g6 5. f3 exf3 6. Nxf3 Bg7 7. Qd2 d6 8. O-O-O c6 9. Bd3 Bg4 10. Rhf1 Nbd7 11. Rde1 Bxf3 12. Rxf3 b5 13. Rfe3 e5 14. dxe5 Nxe5 15. Ne2 Qd7 16. Rh3 O-O-O 17. Nd4 Rde8 18. Nf3 Qxh3 19. gxh3 Nxf3 20. Rxe8+ Rxe8 21. Bxf6 Bxf6 0-1

[Event "Mauricie op U2000"]
[Site "Trois-Rivieres CAN"]
[Date "2005.03.19"]
[Round "2"]
[White "Liard, Serge"]
[Black "O'Connor, Michael"]
[Result "1/2-1/2"]
[WhiteElo "1992"]
[BlackElo "1730"]
[PlyCount "95"]
[GameId "2160767910965474"]
[EventDate "2005.03.18"]
[EventType "swiss"]
[EventRounds "5"]
[EventCountry "CAN"]

1. e4 c5 2. Nf3 Nc6 3. c4 e6 4. Nc3 d5 5. cxd5 exd5 6. Nxd5 Nf6 7. Nxf6+ Qxf6 8. d3 Bg4 9. Be2 O-O-O 10. Bg5 Qxb2 11. Bxd8 Qc3+ 12. Kf1 Kxd8 13. Qc1 Qf6 14. Qg5 Be7 15. Qxf6 Bxf6 16. Rc1 b6 17. h3 Be6 18. g4 Bxa2 19. g5 Be7 20. d4 h6 21. d5 Nb4 22. Ne5 Bxg5 23. Nxf7+ Ke7 24. Nxg5 hxg5 25. Ra1 a5 26. Kg2 Rf8 27. Rhd1 Bb3 28. Rd2 Kd6 29. Rc1 a4 30. f3 Na2 31. Re1 Re8 32. Bb5 Re5 33. Rxa2 Bxa2 34. Bxa4 Bxd5 35. Rd1 c4 36. Kf2 Kc5 37. Rxd5+ Rxd5 38. exd5 Kxd5 39. Ke3 Kc5 40. Bc2 b5 41. Bg6 b4 42. Bf7 b3 43. Bg6 Kb4 44. Kd2 c3+ 45. Kc1 Ka4 46. Bf5 Ka3 47. Be6 Ka2 48. Bd5 1/2-1/2

[Event "Mauricie op U2000"]
[Site "Trois-Rivieres CAN"]
[Date "2005.03.19"]
[Round "2"]
[White "Panayotov, Ivo"]
[Black "Gunapalan, David"]
[Result "0-1"]
[WhiteElo "1892"]
[BlackElo "1885"]
[PlyCount "74"]
[GameId "2160767910965475"]
[EventDate "2005.03.18"]
[EventType "swiss"]
[EventRounds "5"]
[EventCountry "CAN"]
[SourceTitle "EXT 2006"]
[Source "ChessBase"]
[SourceDate "2005.11.24"]
[SourceVersion "1"]
[SourceVersionDate "2005.11.24"]
[SourceQuality "1"]

1. d4 Nf6 2. c4 g6 3. Nc3 d5 4. cxd5 Nxd5 5. e4 Nxc3 6. bxc3 c5 7. Be3 Bg7 8. Bb5+ Bd7 9. Bc4 O-O 10. Ne2 cxd4 11. cxd4 Nc6 12. O-O Rc8 13. Rc1 Na5 14. Bd3 b5 15. Qd2 Nc4 16. Bxc4 bxc4 17. Qb4 Qc7 18. Rc2 Qd6 19. Qa5 Qb6 20. Qa3 Qb7 21. d5 a6 22. Bd4 Bxd4 23. Nxd4 Qb6 24. Qc3 Qc7 25. f4 e6 26. f5 exf5 27. exf5 Qc5 28. fxg6 hxg6 29. Rf4 Qxd5 30. Rcf2 Rb8 31. Rf1 Rb6 32. Nf3 Qd3 33. Qe5 Re8 34. Qg5 Rb1 35. Nh4 Qe3+ 36. Kh1 Rxf1+ 37. Rxf1 Qxg5 0-1

[Event "Mauricie op U2000"]
[Site "Trois-Rivieres CAN"]
[Date "2005.03.19"]
[Round "3"]
[White "Gunapalan, David"]
[Black "Desjardins, Michel"]
[Result "1-0"]
[WhiteElo "1885"]
[BlackElo "1862"]
[PlyCount "77"]
[GameId "2160767910965476"]
[EventDate "2005.03.18"]
[EventType "swiss"]
[EventRounds "5"]
[EventCountry "CAN"]
[SourceTitle "EXT 2006"]
[Source "ChessBase"]
[SourceDate "2005.11.24"]
[SourceVersion "1"]
[SourceVersionDate "2005.11.24"]
[SourceQuality "1"]

1. e4 d5 2. exd5 Qxd5 3. Nc3 Qd6 4. d4 Nf6 5. Be3 a6 6. Be2 Nc6 7. Qd2 Bf5 8. Nf3 e6 9. O-O Be7 10. a3 Rd8 11. Rfe1 O-O 12. Rad1 Rfe8 13. Nh4 Bg4 14. Bxg4 Nxg4 15. Nf3 Nxe3 16. Qxe3 Kf8 17. Ne4 Qd5 18. Qf4 e5 19. Nxe5 Nxe5 20. Qxe5 Qc6 21. Qh5 Kg8 22. Rd3 Qxc2 23. Rh3 h6 24. Rf3 Rf8 25. Rg3 Kh8 26. Qe5 Bg5 27. Nxg5 hxg5 28. Rxg5 f6 29. Rh5+ Kg8 30. Qe6+ Rf7 31. Qh3 Rff8 32. Rh8+ Kf7 33. Qh5+ Qg6 34. Rxf8+ Rxf8 35. Re7+ Kxe7 36. Qxg6 Re8 37. Qxg7+ Kd8 38. Qxf6+ Kc8 39. h4 1-0

[Event "Mauricie op U2000"]
[Site "Trois-Rivieres CAN"]
[Date "2005.03.19"]
[Round "3"]
[White "Rondeau, Samuel"]
[Black "Liard, Serge"]
[Result "0-1"]
[WhiteElo "1811"]
[BlackElo "1992"]
[PlyCount "68"]
[GameId "2160767910965477"]
[EventDate "2005.03.18"]
[EventType "swiss"]
[EventRounds "5"]
[EventCountry "CAN"]

1. c4 c6 2. g3 d5 3. cxd5 cxd5 4. Bg2 e5 5. d3 Nf6 6. Nf3 Nc6 7. O-O Be7 8. Kh1 O-O 9. Bg5 h6 10. Bxf6 Bxf6 11. Nfd2 Be6 12. Nb3 Be7 13. e3 Qb6 14. N1d2 Rfd8 15. Qe2 a5 16. Nf3 a4 17. Nbd2 Qa6 18. Rfc1 e4 19. Ne1 Bf6 20. Nb1 exd3 21. Nxd3 Bf5 22. Nf4 Qxe2 23. Nxe2 Bxb2 24. Nbc3 Bxa1 25. Rxa1 Nb4 26. Rd1 Be4 27. f3 Bf5 28. g4 Be6 29. Kg1 d4 30. Nxd4 Nxa2 31. Ne4 Rac8 32. Rd2 Nc3 33. Nxc3 Rxc3 34. Rb2 a3 0-1

[Event "Mauricie op U2000"]
[Site "Trois-Rivieres CAN"]
[Date "2005.03.20"]
[Round "4"]
[White "Bernatchez, Dan"]
[Black "Thomas, Rodney"]
[Result "1/2-1/2"]
[WhiteElo "1783"]
[BlackElo "1930"]
[PlyCount "102"]
[GameId "2160767910965478"]
[EventDate "2005.03.18"]
[EventType "swiss"]
[EventRounds "5"]
[EventCountry "CAN"]
[SourceTitle "EXT 2006"]
[Source "ChessBase"]
[SourceDate "2005.11.24"]
[SourceVersion "1"]
[SourceVersionDate "2005.11.24"]
[SourceQuality "1"]

1. e4 d6 2. d4 Nf6 3. Nc3 g6 4. Bg5 Bg7 5. Qd2 h6 6. Bf4 Nfd7 7. Be3 c6 8. f4 Qa5 9. Nf3 Nf6 10. h3 Nbd7 11. e5 dxe5 12. dxe5 Nd5 13. Nxd5 Qxd2+ 14. Bxd2 cxd5 15. O-O-O e6 16. Bb4 Bf8 17. Bxf8 Kxf8 18. Nd4 a6 19. Bd3 Nb6 20. Rhf1 h5 21. g3 Bd7 22. Rf3 Ke7 23. b3 Be8 24. Rdf1 Nd7 25. Kb2 Rc8 26. Re3 Nc5 27. Ref3 Bd7 28. c3 Be8 29. Bc2 a5 30. Rg1 b5 31. b4 axb4 32. cxb4 Na6 33. Rc3 Rc4 34. Rxc4 dxc4 35. Kc3 Nc7 36. Be4 Nd5+ 37. Bxd5 exd5 38. h4 Bd7 39. a3 Ra8 40. Ra1 Ra6 41. Kb2 Rb6 42. Rc1 Rb7 43. Rc3 Be6 44. Kc1 Kd7 45. Kd2 Kc7 46. Ke3 Kb6 47. Nf3 Kc6 48. Ng5 Rd7 49. Kd4 Bg4 50. Rc1 Ra7 51. Ra1 Be6 1/2-1/2

[Event "Mauricie op U2000"]
[Site "Trois-Rivieres CAN"]
[Date "2005.03.20"]
[Round "4"]
[White "Lemire-Paquin, Alexandre"]
[Black "Gunapalan, David"]
[Result "1/2-1/2"]
[WhiteElo "1965"]
[BlackElo "1885"]
[PlyCount "97"]
[GameId "2160767910965479"]
[EventDate "2005.03.18"]
[EventType "swiss"]
[EventRounds "5"]
[EventCountry "CAN"]
[SourceTitle "EXT 2006"]
[Source "ChessBase"]
[SourceDate "2005.11.24"]
[SourceVersion "1"]
[SourceVersionDate "2005.11.24"]
[SourceQuality "1"]

1. d4 Nf6 2. c4 g6 3. Nc3 d5 4. cxd5 Nxd5 5. e4 Nxc3 6. bxc3 c5 7. Nf3 Bg7 8. Be3 O-O 9. Rc1 cxd4 10. cxd4 Qa5+ 11. Qd2 Qxd2+ 12. Nxd2 e6 13. f4 Nc6 14. Nf3 Rd8 15. Rc4 Na5 16. Rc2 b6 17. Bd3 Bb7 18. Rc7 Rac8 19. Rxc8 Rxc8 20. Ke2 Nc4 21. Rc1 Nxe3 22. Rxc8+ Bxc8 23. Kxe3 Bb7 24. Ne5 Kf8 25. g4 Ke7 26. Bc4 f6 27. Nf3 Bh6 28. g5 fxg5 29. Nxg5 Bxg5 30. fxg5 Kd6 31. e5+ Ke7 32. h4 Kf7 33. Kd3 Ke7 34. Kc3 Kd7 35. Kb4 Bc6 36. Bd3 a5+ 37. Kc3 Bf3 38. Bc4 Bc6 39. Be2 Ke7 40. a3 Kd7 41. Kc4 Ke7 42. h5 gxh5 43. Bxh5 Kf8 44. Bd1 Kg7 45. Bg4 Kf7 46. Bh5+ Kg7 47. Bg4 Kf7 48. Bh5+ Kg7 49. Bg4 1/2-1/2

[Event "Mauricie op U2000"]
[Site "Trois-Rivieres CAN"]
[Date "2005.03.20"]
[Round "4"]
[White "Liard, Serge"]
[Black "Forget, Luc"]
[Result "0-1"]
[WhiteElo "1992"]
[BlackElo "1855"]
[PlyCount "96"]
[GameId "2160767910965480"]
[EventDate "2005.03.18"]
[EventType "swiss"]
[EventRounds "5"]
[EventCountry "CAN"]

1. e4 c6 2. Nf3 d5 3. Nc3 d4 4. Ne2 c5 5. Ng3 Nc6 6. Bc4 g6 7. O-O Bg7 8. Ng5 e6 9. f4 a6 10. a4 Rb8 11. Qf3 Nh6 12. Be2 O-O 13. d3 f6 14. Nh3 Bd7 15. Nf2 Ne5 16. fxe5 fxe5 17. Nf5 exf5 18. Bxh6 Bxh6 19. exf5 Bxf5 20. Ng4 Bg5 21. Qg3 h5 22. Nf2 h4 23. Qf3 Qd6 24. g4 hxg3 25. Qxg3 Bh6 26. Ne4 Bxe4 27. dxe4 Rf4 28. Bc4+ Kg7 29. Rxf4 Bxf4 30. Qg4 Rh8 31. h3 Qe7 32. Rf1 Rh4 33. Qg2 Qd7 34. Rf3 Qxa4 35. Be6 Qe8 36. Bf5 Qf7 37. Rb3 b5 38. Ra3 Kh7 39. Bc8 Be3+ 40. Kh1 Rf4 41. Bf5 gxf5 42. exf5 Qxf5 43. Qb7+ Qf7 44. Qxf7+ Rxf7 45. Rxa6 Rf1+ 46. Kg2 Rf2+ 47. Kg3 Rxc2 48. b4 d3 0-1

[Event "Mauricie op U2000"]
[Site "Trois-Rivieres CAN"]
[Date "2005.03.20"]
[Round "5"]
[White "Deslile, Louis-Martin"]
[Black "Liard, Serge"]
[Result "1/2-1/2"]
[WhiteElo "1807"]
[BlackElo "1992"]
[PlyCount "86"]
[GameId "2160767910965481"]
[EventDate "2005.03.18"]
[EventType "swiss"]
[EventRounds "5"]
[EventCountry "CAN"]

1. f4 d5 2. Nf3 c5 3. e3 Nc6 4. Bb5 Bd7 5. b3 e6 6. Bb2 Nf6 7. O-O Be7 8. Bxc6 Bxc6 9. d3 b6 10. Ne5 Bb7 11. Nd2 O-O 12. Qe1 Ne8 13. Qg3 f6 14. Nef3 Nd6 15. Rae1 Qc8 16. e4 dxe4 17. Nxe4 Nxe4 18. dxe4 c4 19. e5 c3 20. Bc1 Bxf3 21. Rxf3 fxe5 22. Rxe5 Bf6 23. Re4 Qc5+ 24. Qf2 Qf5 25. Qe2 Rfe8 26. Rd3 b5 27. g4 Qc5+ 28. Qe3 Qxe3+ 29. Bxe3 Rac8 30. g5 Bd8 31. Rd7 Ba5 32. Rxa7 Bc7 33. Rb7 e5 34. fxe5 Bxe5 35. Kg2 Bxh2 36. Rxe8+ Rxe8 37. Kf3 Ra8 38. Bd4 Rxa2 39. Bxc3 Rxc2 40. Bxg7 Rc7 41. Rxc7 Bxc7 42. Bf6 Kf7 43. Kg4 Kg6 1/2-1/2

[Event "Mauricie op U2000"]
[Site "Trois-Rivieres CAN"]
[Date "2005.03.20"]
[Round "5"]
[White "Gunapalan, David"]
[Black "Benoit-Deschamps, Jean-Marc"]
[Result "1-0"]
[WhiteElo "1885"]
[BlackElo "1856"]
[PlyCount "53"]
[GameId "2160767910965482"]
[EventDate "2005.03.18"]
[EventType "swiss"]
[EventRounds "5"]
[EventCountry "CAN"]
[SourceTitle "EXT 2006"]
[Source "ChessBase"]
[SourceDate "2005.11.24"]
[SourceVersion "1"]
[SourceVersionDate "2005.11.24"]
[SourceQuality "1"]

1. e4 c5 2. Nf3 d6 3. d4 cxd4 4. Nxd4 Nf6 5. Nc3 g6 6. Be3 Bg7 7. f3 Nc6 8. Qd2 O-O 9. O-O-O d5 10. Kb1 Kh8 11. Nxc6 bxc6 12. exd5 cxd5 13. Nxd5 Nxd5 14. Qxd5 Qc7 15. Qc5 Qb7 16. Qa3 Be6 17. Bd4 a5 18. Bxg7+ Kxg7 19. Bd3 Rab8 20. Be4 Qc7 21. g4 Rfc8 22. h4 Rb4 23. h5 Qc4 24. h6+ Kg8 25. Qxa5 Rbb8 26. Rd2 Re8 27. Rhd1 1-0

[Event "McIntosh op"]
[Site "Morrisburg CAN"]
[Date "2005.04.02"]
[Round "1"]
[White "Pacey, Kevin"]
[Black "Dale, Stephen"]
[Result "1-0"]
[WhiteElo "2214"]
[BlackElo "1728"]
[PlyCount "61"]
[GameId "2160767910968856"]
[EventDate "2005.04.02"]
[EventType "swiss"]
[EventRounds "5"]
[EventCountry "CAN"]

1. f4 d5 2. Nf3 Bg4 3. Ne5 Bf5 4. c4 d4 5. d3 Nf6 6. g3 e6 7. Qa4+ c6 8. b4 Bd6 9. Nf3 O-O 10. Na3 Bg4 11. Bg2 Bxf3 12. Bxf3 Qe7 13. Nc2 Nbd7 14. O-O e5 15. e4 a5 16. c5 Bc7 17. fxe5 Nxe5 18. Be2 Rfd8 19. Bg5 Qe6 20. Bxf6 gxf6 21. b5 Qh3 22. b6 Bb8 23. Rf2 Ng4 24. Bxg4 Qxg4 25. Na3 Be5 26. Nc4 h5 27. Qd1 Qxd1+ 28. Rxd1 Kg7 29. Rdf1 Rf8 30. Rf5 Rfe8 31. Rxh5 1-0

[Event "McIntosh op"]
[Site "Morrisburg CAN"]
[Date "2005.04.02"]
[Round "2"]
[White "Jia, Derek"]
[Black "Pacey, Kevin"]
[Result "1/2-1/2"]
[WhiteElo "1867"]
[BlackElo "2214"]
[PlyCount "102"]
[GameId "2160767910968857"]
[EventDate "2005.04.02"]
[EventType "swiss"]
[EventRounds "5"]
[EventCountry "CAN"]

1. e4 Nc6 2. Nf3 e5 3. Bb5 a6 4. Bxc6 dxc6 5. O-O Bd6 6. d4 exd4 7. Qxd4 f6 8. Be3 Ne7 9. Nbd2 O-O 10. Rad1 Ng6 11. Nc4 Be7 12. Qxd8 Bxd8 13. Rfe1 Re8 14. Bc1 b6 15. b3 c5 16. Bb2 Be6 17. Ncd2 Be7 18. e5 fxe5 19. Nxe5 Bf6 20. Ndf3 Bf5 21. c4 a5 22. Nxg6 hxg6 23. Bxf6 gxf6 24. Rxe8+ Rxe8 25. Rd2 Kf7 26. Kf1 Re7 27. a4 Re4 28. h3 g5 29. Nh2 Rd4 30. Ke1 Be4 31. f3 Bf5 32. Ng4 Bd3 33. Ne3 c6 34. g3 f5 35. Kf2 f4 36. gxf4 gxf4 37. Ng4 Ke6 38. h4 b5 39. axb5 cxb5 40. cxb5 Bxb5 41. Ra2 a4 42. bxa4 Rxa4 43. Rc2 Bc4 44. h5 Ra2 45. Rxa2 Bxa2 46. h6 Bb1 47. Ke2 c4 48. Kd2 Bf5 49. Nf2 Kf6 50. Kc3 Kg5 51. Kxc4 Kxh6 1/2-1/2

[Event "McIntosh op"]
[Site "Morrisburg CAN"]
[Date "2005.04.02"]
[Round "3"]
[White "Pacey, Kevin"]
[Black "Hawley, Robert"]
[Result "1-0"]
[WhiteElo "2214"]
[BlackElo "1826"]
[PlyCount "149"]
[GameId "2160767910968858"]
[EventDate "2005.04.02"]
[EventType "swiss"]
[EventRounds "5"]
[EventCountry "CAN"]

1. d4 d5 2. c4 Nc6 3. Nc3 Nf6 4. Nf3 Bg4 5. Ne5 dxc4 6. Nxg4 Nxg4 7. e3 Nf6 8. Bxc4 e6 9. Bb5 Qd6 10. Qa4 Be7 11. e4 Qd7 12. O-O O-O 13. Be3 a6 14. Bxc6 Qxc6 15. Qxc6 bxc6 16. f3 Rab8 17. Na4 Nd7 18. Rac1 Rb4 19. b3 Nb8 20. Nb2 Rb5 21. Nc4 f6 22. Bf4 Rc8 23. Rfd1 c5 24. d5 e5 25. Be3 Nd7 26. Nb2 Bd6 27. Rc2 Kf7 28. Na4 c6 29. Nb2 Ke7 30. Nc4 cxd5 31. Nxd6 Kxd6 32. Rxd5+ Ke6 33. Rc3 Rc6 34. Kf2 Rd6 35. a4 Rb7 36. Bxc5 Rxd5 37. exd5+ Kxd5 38. Be3 f5 39. Ke2 g6 40. Kd2 e4 41. fxe4+ Kxe4 42. Rc4+ Kd5 43. Kc3 Ne5 44. Rc5+ Ke4 45. Bd4 Nd7 46. Rc6 g5 47. Re6+ Kd5 48. Rxa6 Rc7+ 49. Kd3 Ne5+ 50. Bxe5 Kxe5 51. Ra5+ Kf4 52. Rd5 Rc1 53. a5 h5 54. b4 Rd1+ 55. Kc4 Rc1+ 56. Kb5 h4 57. a6 Ke4 58. Rc5 Ra1 59. Kb6 f4 60. Rxg5 h3 61. gxh3 f3 62. Ra5 Rxa5 63. Kxa5 f2 64. a7 f1=Q 65. a8=Q+ Ke5 66. Qe8+ Kd4 67. Qd7+ Ke4 68. Qc6+ Kd4 69. Qc5+ Ke4 70. h4 Qh3 71. Qc4+ Ke5 72. b5 Qa3+ 73. Kb6 Qd6+ 74. Kb7 Kf5 75. Qc8+ 1-0

[Event "McIntosh op"]
[Site "Morrisburg CAN"]
[Date "2005.04.03"]
[Round "4"]
[White "Voloaca, Mihnea"]
[Black "Pacey, Kevin"]
[Result "1/2-1/2"]
[WhiteElo "2281"]
[BlackElo "2214"]
[PlyCount "52"]
[GameId "2160767910968859"]
[EventDate "2005.04.02"]
[EventType "swiss"]
[EventRounds "5"]
[EventCountry "CAN"]

1. d4 d5 2. c4 e6 3. Nc3 Nf6 4. Nf3 Be7 5. Bf4 O-O 6. e3 c5 7. dxc5 Bxc5 8. cxd5 exd5 9. Bd3 Nc6 10. O-O h6 11. Rc1 a6 12. h3 Be6 13. Na4 Ba7 14. Nc5 Qe7 15. Nxa6 Rfc8 16. Bb5 Bb6 17. Qe2 Bd7 18. a3 bxa6 19. Bxa6 Rd8 20. Bb7 Na7 21. Qa6 Bc5 22. Bxa8 Bb5 23. Qb7 Rd7 24. Qb8+ Rd8 25. Qb7 Rd7 26. Qb8+ Rd8 1/2-1/2

[Event "McIntosh op"]
[Site "Morrisburg CAN"]
[Date "2005.04.03"]
[Round "5"]
[White "Pacey, Kevin"]
[Black "Brice, Ron"]
[Result "1/2-1/2"]
[WhiteElo "2214"]
[BlackElo "2050"]
[PlyCount "113"]
[GameId "2160767910968860"]
[EventDate "2005.04.02"]
[EventType "swiss"]
[EventRounds "5"]
[EventCountry "CAN"]

1. d4 Nf6 2. c4 g6 3. Nc3 d5 4. Nf3 Bg7 5. e3 O-O 6. Be2 c5 7. O-O cxd4 8. exd4 Nc6 9. Ne5 Be6 10. cxd5 Nxd5 11. Nxc6 bxc6 12. Na4 Nb6 13. Nc5 Bc4 14. Be3 Bxe2 15. Qxe2 Qd5 16. Rfd1 Nc4 17. Nb3 Rab8 18. Rac1 Rb4 19. Rc2 a5 20. Rdc1 Nxe3 21. fxe3 a4 22. Nc5 Ra8 23. a3 Rb5 24. Rc4 e5 25. dxe5 Qxe5 26. Nd3 Qe8 27. Rxc6 Bh6 28. Kh1 Rb3 29. R6c3 Rxc3 30. Rxc3 Qxe3 31. Qxe3 Bxe3 32. h3 Rd8 33. Nc5 Rd1+ 34. Kh2 Bf4+ 35. g3 Rd2+ 36. Kh1 Be5 37. Rc4 Bxb2 38. Rxa4 h5 39. Ne4 Re2 40. Ng5 Kg7 41. Ra7 Kf6 42. h4 Kf5 43. Rxf7+ Kg4 44. Rf3 Bc1 45. Rf1 Be3 46. a4 Kxg3 47. Nf3 Bf2 48. Nh2 Kxh4 49. Ra1 Kh3 50. Ra3+ Re3 51. Rxe3+ Bxe3 52. Nf3 Kg3 53. Ne5 g5 54. a5 g4 55. a6 Kh3 56. a7 Bxa7 57. Nxg4 1/2-1/2

[Event "Memorial des Rois"]
[Site "Gatineau CAN"]
[Date "2005.01.04"]
[Round "1"]
[White "Lacourse, Guy"]
[Black "Desjardins, Michel"]
[Result "0-1"]
[WhiteElo "1679"]
[BlackElo "1878"]
[PlyCount "54"]
[GameId "2160767911031734"]
[EventDate "2005.01.04"]
[EventType "swiss"]
[EventRounds "5"]
[EventCountry "CAN"]
[SourceTitle "EXT 2006"]
[Source "ChessBase"]
[SourceDate "2005.11.24"]
[SourceVersion "1"]
[SourceVersionDate "2005.11.24"]
[SourceQuality "1"]

1. d4 d5 2. Nf3 c6 3. c4 dxc4 4. a4 e6 5. e3 b5 6. axb5 cxb5 7. b3 Bb4+ 8. Bd2 Bxd2+ 9. Nbxd2 a5 10. bxc4 b4 11. Ne5 Nf6 12. Qf3 Ra7 13. Bd3 Bb7 14. Qh3 Nbd7 15. Nxd7 Qxd7 16. f3 O-O 17. g4 h6 18. g5 hxg5 19. Qg3 g4 20. Rg1 e5 21. d5 Rd8 22. Qxe5 Re8 23. Qg5 Qd6 24. Rg3 Re5 25. c5 Qxd5 26. Qf4 Nh5 27. Qxf7+ Qxf7 0-1

[Event "Memorial des Rois"]
[Site "Gatineau CAN"]
[Date "2005.01.04"]
[Round "1"]
[White "Laurin, Marcel"]
[Black "Gagnon, Fabien"]
[Result "1-0"]
[WhiteElo "1790"]
[BlackElo "2027"]
[PlyCount "61"]
[GameId "2160767911031735"]
[EventDate "2005.01.04"]
[EventType "swiss"]
[EventRounds "5"]
[EventCountry "CAN"]

1. d4 Nf6 2. c4 e6 3. a3 c5 4. d5 g6 5. Nc3 Bg7 6. e4 d6 7. dxe6 fxe6 8. Bf4 e5 9. Bg5 Nc6 10. Be2 Nd4 11. Nf3 Be6 12. O-O O-O 13. Nxd4 exd4 14. Nd5 Bxd5 15. exd5 Qd7 16. Bxf6 Bxf6 17. Bg4 Qg7 18. Be6+ Kh8 19. f4 d3 20. Qxd3 Bxb2 21. Rae1 Rae8 22. Rf3 Re7 23. Ref1 Qd4+ 24. Qxd4+ cxd4 25. g4 Rc7 26. f5 gxf5 27. Rxf5 Rxf5 28. Rxf5 Bxa3 29. g5 Bc1 30. Rf8+ Kg7 31. Rg8# 1-0

[Event "Memorial des Rois"]
[Site "Gatineau CAN"]
[Date "2005.01.11"]
[Round "2"]
[White "Forget, David"]
[Black "Lacourse, Guy"]
[Result "1/2-1/2"]
[WhiteElo "1811"]
[BlackElo "1679"]
[PlyCount "48"]
[GameId "2160767911031736"]
[EventDate "2005.01.04"]
[EventType "swiss"]
[EventRounds "5"]
[EventCountry "CAN"]
[SourceTitle "EXT 2006"]
[Source "ChessBase"]
[SourceDate "2005.11.24"]
[SourceVersion "1"]
[SourceVersionDate "2005.11.24"]
[SourceQuality "1"]

1. d4 Nf6 2. c4 e6 3. Nc3 Bb4 4. Bg5 h6 5. Bh4 g5 6. Bg3 Ne4 7. Qc2 f5 8. e3 d6 9. Bd3 Bxc3+ 10. bxc3 Nxg3 11. hxg3 Qf6 12. Ne2 c5 13. Kd2 Kf7 14. Rh5 Nc6 15. Rah1 Kg7 16. Ng1 Bd7 17. Qb1 b6 18. Be2 Be8 19. R5h2 Ne7 20. Bf3 Rb8 21. Qe1 Bc6 22. Rh5 Be8 23. R5h2 Bc6 24. Rh5 Be8 1/2-1/2

[Event "Memorial des Rois"]
[Site "Gatineau CAN"]
[Date "2005.01.11"]
[Round "2"]
[White "Gagnon, Fabien"]
[Black "Roy, Roger"]
[Result "1-0"]
[WhiteElo "2027"]
[BlackElo "1771"]
[PlyCount "59"]
[GameId "2160767911031737"]
[EventDate "2005.01.04"]
[EventType "swiss"]
[EventRounds "5"]
[EventCountry "CAN"]

1. d4 Nf6 2. c4 e5 3. dxe5 Ng4 4. Bf4 Nc6 5. Nf3 Bc5 6. e3 d6 7. exd6 cxd6 8. Nc3 Be6 9. a3 a5 10. Be2 Qe7 11. O-O f6 12. Nd4 Nce5 13. Nxe6 Qxe6 14. Nd5 Rc8 15. Qa4+ Nc6 16. b4 axb4 17. axb4 Ba7 18. b5 Bc5 19. bxc6 bxc6 20. Bxg4 Qxg4 21. Nc3 O-O 22. Rad1 Rfd8 23. Ne4 Qe6 24. Nxc5 dxc5 25. h3 g5 26. Bg3 Ra8 27. Rxd8+ Rxd8 28. Qa5 Qe7 29. Rb1 h5 30. Qxd8+ 1-0

[Event "Memorial des Rois"]
[Site "Gatineau CAN"]
[Date "2005.01.18"]
[Round "3"]
[White "Lacourse, Guy"]
[Black "Roy, Roger"]
[Result "1/2-1/2"]
[WhiteElo "1679"]
[BlackElo "1771"]
[PlyCount "85"]
[GameId "2160767911031738"]
[EventDate "2005.01.04"]
[EventType "swiss"]
[EventRounds "5"]
[EventCountry "CAN"]
[SourceTitle "EXT 2006"]
[Source "ChessBase"]
[SourceDate "2005.11.24"]
[SourceVersion "1"]
[SourceVersionDate "2005.11.24"]
[SourceQuality "1"]

1. d4 Nf6 2. Nf3 b6 3. g3 Bb7 4. Bg2 g6 5. c4 Bg7 6. Nc3 O-O 7. O-O d6 8. Qc2 Nbd7 9. h3 e5 10. dxe5 dxe5 11. Bg5 h6 12. Bxf6 Qxf6 13. Nd2 Bxg2 14. Kxg2 Qc6+ 15. Nd5 Rae8 16. e4 f5 17. f3 Nf6 18. Nb4 Qd6 19. Nd5 c6 20. Nxf6+ Rxf6 21. Nb3 c5 22. Rad1 Qe7 23. Nc1 f4 24. g4 Re6 25. Rd5 Rd8 26. Rfd1 Red6 27. Rxd6 Rxd6 28. Rd3 Qd8 29. Rxd6 Qxd6 30. Qd3 Qd4 31. Qxd4 exd4 32. Nd3 g5 33. h4 Kf7 34. hxg5 hxg5 35. Kf1 Ke6 36. Ke2 Bf6 37. b4 Be7 38. bxc5 Bxc5 39. Kd2 Be7 40. Kc2 Bc5 41. a4 a5 42. Nc1 Ba3 43. Nd3 1/2-1/2

[Event "Memorial des Rois"]
[Site "Gatineau CAN"]
[Date "2005.01.25"]
[Round "4"]
[White "Gagnon, Fabien"]
[Black "Desjardins, Michel"]
[Result "1-0"]
[WhiteElo "2027"]
[BlackElo "1875"]
[PlyCount "73"]
[GameId "2160767911031739"]
[EventDate "2005.01.04"]
[EventType "swiss"]
[EventRounds "5"]
[EventCountry "CAN"]

1. Nf3 d5 2. g3 Nf6 3. Bg2 c6 4. O-O Bg4 5. d3 Nbd7 6. Nbd2 e5 7. e4 dxe4 8. dxe4 Bc5 9. h3 Bh5 10. g4 Bg6 11. Qe2 O-O 12. Ne1 Qc7 13. Nd3 Bb6 14. Re1 Nc5 15. Nxc5 Bxc5 16. Nf1 Rad8 17. Ng3 Rfe8 18. Nf5 Bxf5 19. exf5 Nd5 20. Be4 h6 21. Bxd5 cxd5 22. f6 Qd6 23. fxg7 Bb6 24. a4 e4 25. Ra3 Bc7 26. Rg3 d4 27. Rg2 d3 28. Qd2 dxc2 29. Qxc2 Qd3 30. Qxc7 Rd7 31. Qf4 Re6 32. Rg3 Qd4 33. b3 Kxg7 34. Be3 Qb4 35. Rc1 Rf6 36. Qe5 Re7 37. Bxh6+ 1-0